| 000 | 01473cam a2200373 a 4500 | ||
|---|---|---|---|
| 001 | 16991758 | ||
| 005 | 20140903113801.0 | ||
| 008 | 111006s2011 nyua 101 0 eng | ||
| 010 | _a 2011040373 | ||
| 020 | _a9780230304581 (alk. paper) | ||
| 020 | _a9780230304598 (pbk. : alk. paper) | ||
| 040 |
_aDLC _cDLC _dDLC |
||
| 042 | _apcc | ||
| 043 |
_ae-uk--- _an-us--- |
||
| 050 | 0 | 0 |
_aHB 3722 _b.L44 2011 |
| 082 | 0 | 0 | _a330.973 |
| 245 | 0 | 4 |
_aThe legacy of the crash : _bhow the financial crisis changed America and Britain / _cedited by Terrence Casey. |
| 260 |
_aNew York : _bPalgrave Macmillan, _c2011. |
||
| 300 |
_axv, 291 p. : _bill. ; _c23 cm. |
||
| 500 | _aPapers presented at a conference organized by the British Politics Group in September 2010. | ||
| 504 | _aIncludes index. | ||
| 521 | _aBSBA | ||
| 650 | 0 |
_aGlobal Financial Crisis, 2008-2009 _vCongresses. |
|
| 650 | 0 |
_aFinancial crises _zGreat Britain _vCongresses. |
|
| 650 | 0 |
_aFinancial crises _zUnited States _vCongresses. |
|
| 651 | 0 |
_aGreat Britain _xEconomic policy _y1997- _vCongresses. |
|
| 651 | 0 |
_aUnited States _xEconomic policy _y2001-2009 _vCongresses. |
|
| 651 | 0 |
_aUnited States _xEconomic policy _y2009- _vCongresses. |
|
| 700 | 1 | _aCasey, Terrence. | |
| 710 | 2 | _aBritish Politics Group. | |
| 906 |
_a7 _bcbc _corignew _d1 _eecip _f20 _gy-gencatlg |
||
| 942 |
_2lcc _cBK _kFOR |
||
| 999 |
_c275369 _d275369 |
||